000 01318nam a22003737a 4500
003 CHAP
005 20220329141026.0
008 971013s1996 r 00010 d
010 _a61479
011 _a62451
035 _a66625
040 _cCHAP
090 _aTesis
100 0 0 _aDomínguez Valdez, Ana Bertha.
_933905
245 _aEvaluación de 10 variedades de cacahuate (Arachis hypogaea L.) en el municipio de Cocula, Guerrero
260 _aChapingo, Méx. :
_bEl autor,
_c1996
300 _a50 h.
_b: gráfs.
502 _aTesis (Ing. Agr. Esp. en Fitotecnia) -- UACH. Departamento de Fitotecnia
590 _aALEPH
_b10
_c20130110
_lUCH01
_h1342
590 _aBATCH-UPD
_b10
_c20130110
_lUCH01
_h0003
590 _aBATCH-UPD
_b10
_c20130110
_lUCH01
_h2024
590 _aBATCH-UPD
_b10
_c20130409
_lUCH01
_h1938
590 _aBATCH-UPD
_b10
_c20130410
_lUCH01
_h1342
590 _aBATCH-UPD
_b10
_c20130914
_lUCH01
_h0802
590 _aCONVERSION
_b10
_c20130109
_lUCH01
_h1333
650 1 4 _aCacahuate
_xGenética.
_916873
650 1 4 _aCacahuate
_xGuerrero.
_916877
650 1 4 _aCacahuate
_xRendimiento.
_916900
650 1 4 _aCacahuate
_xVariedades.
_916912
901 _aBK
942 _cFOLL
949 _bBC
_cTES
_d-151843
_eTS1
_h30526
_i66625
_si
949 _bBC
_cTES
_d33724000624789
_eTS2
_fc.2
_h30527
_i66625
_si
999 _c61479
_d61479